Indian States and Territories by HDI - Statistics

General Stats
  • This quiz has been taken 74 times
  • The average score is 22 of 34
Answer Stats
First
Letter
State/territory HDI % Correct
G Goa 0.801
94%
K Kerala 0.799
94%
U Uttar Pradesh 0.650
81%
D Delhi 0.777
78%
P Puducherry 0.782
78%
P Punjab 0.738
75%
C Chandigarh 0.793
72%
T Tamil Nadu 0.732
72%
W West Bengal 0.674
72%
B Bihar 0.617
66%
H Haryana 0.737
66%
H Himachal Pradesh 0.757
66%
A Assam 0.655
63%
J Jammu and Kashmir 0.760
63%
O Odisha 0.649
63%
U Uttarakhand 0.722
63%
J Jharkhand 0.639
59%
K Karnataka 0.713
59%
L Lakshadweep 0.751
59%
M Madhya Pradesh 0.651
59%
M Maharashtra 0.736
59%
M Manipur 0.725
59%
R Rajasthan 0.692
59%
S Sikkim 0.753
59%
A Arunachal Pradesh 0.722
56%
C Chhattisgarh 0.665
56%
G Gujarat 0.685
56%
M Mizoram 0.751
56%
A Andaman andNicobar Islands 0.746
53%
A Andhra Pradesh 0.681
53%
M Meghalaya 0.690
53%
N Nagaland 0.720
53%
T Telangana 0.699
50%
T Tripura 0.664
50%
No matching quizzes found
Score Distribution
Percent of People with Each Score
Percentile by Number Answered
Your Score History
You have not taken this quiz